Programovací jazyk C

Uložené v:
Podrobná bibliografia
Hlavný autor: Kernighan, Brian W.
Médium: Kniha
Jazyk:Slovak
Vydavateľské údaje: Bratislava Alfa 1989
Vydanie:2. vyd.
Edícia:Edícia výpočtovej techniky
Tagy: Pridať tag
Žiadne tagy, Buďte prvý, kto otaguje tento záznam!

MARC

LEADER 00000nam a2200000 4500
001 c040886
005 20250522120227.1
041 0 |a slo 
044 |a SK 
245 1 0 |a Programovací jazyk C  |c Brian W. Kernighan 
250 |a 2. vyd. 
264 1 |a Bratislava  |b Alfa  |c 1989 
300 |a 249 s. 
490 1 |a Edícia výpočtovej techniky 
830 0 |a Edícia výpočtovej techniky 
100 1 |a Kernighan, Brian W.